| 000 | 01187nam a2200253 4500 | ||
|---|---|---|---|
| 001 | 109822 | ||
| 003 | ES-MaACL | ||
| 005 | 20250812062526.0 | ||
| 007 | t| | ||
| 008 | 061121s1960 sp 00110 spa d | ||
| 080 | _a338.924 | ||
| 100 | 1 |
_aCorona Baratech, Carlos E. _9172245 |
|
| 245 | 1 | 0 |
_aCara y cruz de la revolución industrial / _cCarlos E. Corona Baratech. |
| 260 |
_aMadrid : _bAteneo : _bEditora Nacional, _c1960 ( _fBolaños y Aguilar) |
||
| 300 |
_a57 p. ; _c19 cm. |
||
| 490 | 1 |
_aColección "O Crece o Muere" ; _v154 |
|
| 505 | 0 | _aLa transformación industrial ; La transformación técnica ; Efectos de la industrialización ; Beneficios de la industrialización ; Repercusiones sobre la vida, la conducta y las ideas comunes ; El hombre de la época industrial ; El individuo y la masa | |
| 594 | _aEste trabajo fue dado a conocer por su autor en la conferencia pronunciada en el Colegio Mayor "Fray Luis de León", de Salamanca, el día 9 de marzo de 1959. | ||
| 650 |
_aRevolución industrial. _9136832 |
||
| 710 | 2 |
_aAteneo de Madrid. _91875 |
|
| 830 | 1 | 0 |
_aColección "O crece o muere" _v154 _9183476 |
| 852 | 4 |
_aES-MaACL _jJ-24(154) |
|
| 999 |
_c109822 _d109822 |
||